A Collection Of Proverbs & Maxims English & Arabic

محفوظ في:

المؤلف الرئيسي: Ahmed Abd El Maksoud.

التنسيق: كتاب

اللغة: Undetermined

منشور في: Cairo El Ettihad El masry Press 1920

الوسوم: إضافة وسم

لا توجد وسوم, كن أول من يضع وسما على هذه التسجيلة!

رقم الطلب: P41 MAQS

LEADER 00339nam a2200109Ia 4500
008 240404s9999||||xx |||||||||||||| ||und||
050 4 |a P41 MAQS 
100 1 |a Ahmed Abd El Maksoud. 
245 1 2 |a A Collection Of Proverbs & Maxims English & Arabic  |c Ahmed Abd El Maksoud 
264 1 |a Cairo  |b El Ettihad El masry Press  |c 1920 
942 |2 lcc  |c BK 
999 |c 57960  |d 57960